Nuevos datos sobre Torres Villarroel (Record no. 69398)

MARC details
000 -LEADER
campo de control de longitud fija 00587nam a2200169 i 4500
001 - NÚMERO DE CONTROL
campo de control 69398
003 - IDENTIFICADOR DE NÚMERO DE CONTROL
campo de control ES-MaACL
005 - FECHA Y HORA DE LA ÚLTIMA TRANSACCIÓN
campo de control 20250728191518.0
007 - CAMPO FIJO DE DESCRIPCIÓN FÍSICA--INFORMACIÓN GENERAL
campo de control de longitud fija t|
008 - DATOS DE LONGITUD FIJA--INFORMACIÓN GENERAL
campo de control de longitud fija 040705s1918 sp ||||1| spa d
100 1# - ENTRADA PRINCIPAL--NOMBRE DE PERSONA
Nombre de persona García Boiza, Antonio.
9 (RLIN) 54278
245 10 - MENCIÓN DEL TÍTULO
Título Nuevos datos sobre Torres Villarroel
Resto del título : la fortuna de Don Diego Torres : Don Diego Torres primicerio de la Universidad de Salamanca /
Mención de responsabilidad, etc. Antonio García Boiza.
260 ## - PUBLICACIÓN, DISTRIBUCIÓN, ETC.
Lugar de publicación, distribución, etc. Madrid :
Nombre del editor, distribuidor, etc. [s.n.,
Fecha de publicación, distribución, etc. 1918]
600 14 - PUNTO DE ACCESO ADICIONAL DE MATERIA--NOMBRE DE PERSONA
Nombre de persona Torres Villarroel, Diego de,
Fechas asociadas al nombre 1693-1770
9 (RLIN) 111026
852 ## - LOCALIZACIÓN
Ubicación ES-MaACL
Número de control de estantería 1556-F-5
Holdings
Estatus retirado Estado de pérdida Estado de daño No para préstamo Colección Biblioteca de origen Biblioteca actual Ubicación en estantería Fecha de adquisición Fuente de adquisición Total de préstamos Signatura topográfica completa Código de barras Visto por última vez Precio de reemplazo Tipo de ítem Koha
        Colección de folletos Biblioteca del Ateneo de Madrid Biblioteca del Ateneo de Madrid Depósito folletos 17/01/2008     1556-F-5 1072669 23/02/2023 23/02/2023 Folleto